|
|
|
|
| LEADER |
00000cam a2200000 a 4500 |
| 001 |
vtls001409071 |
| 003 |
SK-MaSNL |
| 005 |
20260301162058.0 |
| 008 |
160322s2000 xo ab r 00000 ger |
| 015 |
|
|
|a SNBE2001/03-01817
|
| 020 |
|
|
|a 8088938090
|
| 035 |
|
|
|a SNK000363752
|
| 040 |
|
|
|a SNK
|b slo
|c SNK
|e AACR2
|
| 041 |
0 |
|
|a ger
|a slo
|
| 044 |
|
|
|a xo
|c SK
|
| 080 |
|
|
|a 73/76:061.4(083.9)=30
|2 1981
|
| 110 |
2 |
|
|a Spolok výtvarníkov Slovenska
|4 aut
|9 33351
|
| 245 |
1 |
0 |
|a Krone, Schwert & Schaukelpfert
|b die anderen Habsburger
|c Kurator des slowakischen Teils: Mária Horváthová ; Konzeption und Text des Katalogs: Mária Horváthová ; Übersetzung: Klára Fábryová, Rastislav Kubička ; Fotos: Anton Fiala
|
| 246 |
1 |
0 |
|a Koruna, meč & hojdací kôň
|
| 260 |
|
|
|a Bratislava
|b Verien der bildenden Künstler der Slowakei
|c [2000]
|
| 300 |
|
|
|a [16] s.
|b fareb. fotogr.
|c 30 cm
|
| 500 |
|
|
|a Text čiastočne slovensky
|
| 650 |
0 |
7 |
|a slovenské výtvarné umenie
|2 SNKPH
|9 68597
|
| 650 |
0 |
7 |
|a výstavy
|2 SNKPH
|9 2780
|
| 651 |
|
7 |
|a Rakúsko
|2 SNKPHgeo
|9 18533
|
| 655 |
|
7 |
|a katalógy výstav
|2 SNKPH
|9 70445
|
| 700 |
1 |
|
|a Horváthová, Mária
|4 aud
|4 tex
|9 269125
|
| 700 |
1 |
|
|a Fábryová, Klára
|4 trl
|9 526041
|
| 700 |
1 |
|
|a Kubička, Rastislav
|4 trl
|9 526042
|
| 700 |
1 |
|
|a Fiala, Anton,
|d 1949-
|4 pht
|9 14047
|
| 710 |
0 |
|
|a Spolok výtvarníkov Slovenska
|4 pbl
|9 33351
|
| 852 |
|
|
|a Slovenská národná knižnica
|
| 919 |
|
|
|a 80-88938-09-0
|
| 958 |
|
|
|a TL
|
| 958 |
|
|
|a BQ
|
| 958 |
|
|
|a BX
|
| 999 |
|
|
|c 811920
|d 813850
|
| 952 |
|
|
|t P60, <09>, [BOOK], {629}
|a SNK
|b SNK
|y NEVYP
|7 0
|o snkB 85
|i snk311/20010312
|0 0
|1 0
|4 0
|d 2001-03-09
|l 0
|r 2005-01-02 00:00:00
|w 2026-02-24
|
| 952 |
|
|
|t P60, <03>, [BOOK], {603}
|a SNK
|b SNK
|y PREZ
|7 0
|p 17A0292615
|o snkOSB 12840
|i snkKSP 3610/2001
|0 0
|1 0
|4 0
|d 2001-03-09
|l 0
|r 2005-01-02 00:00:00
|w 2026-02-24
|
| 952 |
|
|
|t P60, <04>, [BOOK], {604}
|a SNK
|b SNK
|y VYP
|7 0
|p 17A0292616
|o snkOSB 12840 D1
|i snkKSP 3611/2001
|0 0
|1 0
|4 0
|d 2001-03-09
|l 0
|r 2005-01-02 00:00:00
|w 2026-02-24
|